Macroeconomía y sector agropecuario (Registro nro. 25580)

Detalles MARC
000 -LEADER
fixed length control field 00321 a2200109 4500
001 - CONTROL NUMBER
control field ART_11443
005 - DATE AND TIME OF LATEST TRANSACTION
control field 20260410161857.0
008 - FIXED-LENGTH DATA ELEMENTS--GENERAL INFORMATION
fixed length control field 260409a
100 1# - MAIN ENTRY--PERSONAL NAME
Personal name Visintini, Alfredo
245 10 - TITLE STATEMENT
Title Macroeconomía y sector agropecuario
773 0# - HOST ITEM ENTRY
Title Revista de Economía
Related parts - Nº 73 (abr./jun. 1994)
Record control number REV11077

No hay ítems disponibles.